000
00224 a2200097 4500
000
nam a22 7a 4500
005
20260211172241.0
100
_a
Landau, L.D.;Lifshiz, E.M.
_9
1115395
245
_a
Mechanics
942
_c
TEXL
999
_c
1679419
_d
1679419